000 00844cam a22002893a 4500
001 24828
003 PGUSA
005 20140828083532.0
008 080314s2008||||xxu|||||s|||||000 1 eng d
040 _aPGUSA
_beng
042 _adc
050 4 _aPS
050 4 _aPZ
100 1 _aRichards, Laura Elizabeth Howe,
_d1850-1943
245 1 0 _aMargaret Montfort
_h[electronic resource] /
_cLaura Elizabeth Howe Richards
260 _bProject Gutenberg,
_c2008
506 _aPublic domain in the USA.
516 _aElectronic text
653 _aUncles -- Fiction
653 _aFamily -- Fiction
653 _aChildren -- Fiction
653 _aYoung women -- Fiction
700 1 _aBarry, Etheldred B.
_q(Etheldred Breeze),
_d1870-
830 0 _aProject Gutenberg
_v24828
856 4 0 _uhttp://www.gutenberg.org/ebooks/24828
942 _cEB
999 _c254083
_d254083